| 000 | 01476cam a22003974a 4500 | ||
|---|---|---|---|
| 001 | 7915171 | ||
| 003 | OSt | ||
| 005 | 20210810120036.0 | ||
| 006 | m d | ||
| 007 | cr n | ||
| 008 | 060228s2007 flua sbf 001 0 eng d | ||
| 020 | _a0849340349 (alk. paper) | ||
| 035 | _a(WaSeSS)ssj0000096307 | ||
| 038 | _akhadija | ||
| 040 |
_aDLC _cDLC _dBAKER _dC#P _dBTCTA _dYDXCP _dDLC _dWaSeSS |
||
| 042 | _apcc | ||
| 050 | 4 |
_aTK3141 _b.W45 2007 |
|
| 082 | 0 | 0 |
_a621.31913 _222 _bWHI |
| 100 | 1 |
_aWhitaker, Jerry C. _958881 |
|
| 210 | 1 | 0 | _aAC power systems handbook |
| 245 | 1 | 0 |
_aAC Power Systems Handbook\ _cJerry C. Whitaker. |
| 250 | _a3rd ed. | ||
| 260 |
_aBoca Raton, FL : _bCRC/Taylor & Francis, _c2007. |
||
| 490 | 0 | _aElectronics handbook series | |
| 504 | _aIncludes bibliographical references and indexes. | ||
| 506 | _aLicense restrictions may limit access. | ||
| 563 | _ahard cover | ||
| 650 | 0 |
_aElectric power distribution _xAlternating current _vHandbooks, manuals, etc. _981378 |
|
| 650 | 0 |
_aElectric power systems _xProtection _vHandbooks, manuals, etc. _981379 |
|
| 773 | 0 | _tENGnetBASE | |
| 773 | 0 | _tELECTRICALENGINEERINGnetBASE | |
| 856 | 4 | 0 |
_uhttp://www.columbia.edu/cgi-bin/cul/resolve?clio7915171.001 _zFull text available from ELECTRICALENGINEERINGnetBASE |
| 856 | 4 | 0 |
_uhttp://www.columbia.edu/cgi-bin/cul/resolve?clio7915171.002 _zFull text available from ENGnetBASE |
| 910 | _aLibrary of Congress record | ||
| 942 |
_2ddc _cBK |
||
| 999 |
_c32265 _d32265 |
||